THE GREAT TAMASHA CRICKET CORRUPTION AND THE TURBULENT RISE OF MODERN INDIA (Record no. 222018)

MARC details
000 -LEADER
fixed length control field 00378nam a2200133Ia 4500
008 - FIXED-LENGTH DATA ELEMENTS--GENERAL INFORMATION
fixed length control field 250703s9999 xx 000 0 und d
020 ## - INTERNATIONAL STANDARD BOOK NUMBER
International Standard Book Number 9789382951162
100 ## - MAIN ENTRY--PERSONAL NAME
Personal name ASTILL, JAMES
245 #4 - TITLE STATEMENT
Title THE GREAT TAMASHA CRICKET CORRUPTION AND THE TURBULENT RISE OF MODERN INDIA
260 ## - PUBLICATION, DISTRIBUTION, ETC.
Name of publisher, distributor, etc. BLOOMSBURY PUBLISHING, LONDON
Date of publication, distribution, etc. 2013
300 ## - PHYSICAL DESCRIPTION
Extent 290
650 ## - SUBJECT ADDED ENTRY--TOPICAL TERM
Topical term or geographic name entry element General
942 ## - ADDED ENTRY ELEMENTS (KOHA)
Koha item type Book
Holdings
Withdrawn status Lost status Damaged status Not for loan Home library Current library Shelving location Date acquired Cost, normal purchase price Barcode Date last seen Price effective from Koha item type
        Mewar University Central Library Mewar University Central Library Donated 03/07/2025 399.00 DN11277 03/07/2025 03/07/2025 Book